Southville International School and Colleges
Your cart is empty.
  • Cart
  • Lists
    Public lists list_1 View all
    Your lists Log in to create your own lists
  • Log in to your account
  • Your cookies
  • Search history
Southville International School and Colleges
  • Advanced search
  • Recent comments
  • Most popular
  • Libraries

Log in to your account

Log in with GOOGLE


If you do not have an external account, but do have a local account, you can still log in:

  1. Home
  2. MARC view: Buhi naturals
Normal view MARC view ISBD view

Buhi naturals (Record no. 367081)

[ view plain ]
MARC details
000 -LEADER
fixed length control field 00707nam a22002177a 4500
003 - CONTROL NUMBER IDENTIFIER
control field 0
005 - DATE AND TIME OF LATEST TRANSACTION
control field 20250127174030.0
008 - FIXED-LENGTH DATA ELEMENTS--GENERAL INFORMATION
fixed length control field 250127b xxu||||| |||| 00| 0 eng d
050 ## - LIBRARY OF CONGRESS CALL NUMBER
Classification number TP 991
Item number .L45 2019
100 ## - MAIN ENTRY--PERSONAL NAME
Personal name Lei, Christa Abigael C.
245 ## - TITLE STATEMENT
Title Buhi naturals
Statement of responsibility, etc Christa Abigael C. Lei
260 ## - PUBLICATION, DISTRIBUTION, ETC. (IMPRINT)
Place of publication, distribution, etc Las Pinas City
Name of publisher, distributor, etc Southville International School and Colleges
Date of publication, distribution, etc 2019
300 ## - PHYSICAL DESCRIPTION
Extent 70 pages ;
Dimensions 28cm.
500 ## - GENERAL NOTE
General note Entrepreneurship.
504 ## - BIBLIOGRAPHY, ETC. NOTE
Bibliography, etc Includes bibliographical references and appendices. <br/>
650 ## - SUBJECT ADDED ENTRY--TOPICAL TERM
Topical term or geographic name as entry element Soap—Manufacture.
650 ## - SUBJECT ADDED ENTRY--TOPICAL TERM
Topical term or geographic name as entry element Natural products—Skin care.
650 ## - SUBJECT ADDED ENTRY--TOPICAL TERM
Topical term or geographic name as entry element Organic soap—Production.
650 ## - SUBJECT ADDED ENTRY--TOPICAL TERM
Topical term or geographic name as entry element Personal care products—Marketing.
942 ## - ADDED ENTRY ELEMENTS (KOHA)
Source of classification or shelving scheme Library of Congress Classification
Koha item type Theses
Holdings
Withdrawn status Lost status Source of classification or shelving scheme Damaged status Home library Current library Shelving location Date acquired Source of acquisition Total Checkouts Full call number Barcode Date last seen Price effective from Koha item type
    Library of Congress Classification   College Library College Library Theses Section 01/27/2025 Donation   TP 991 .L45 2019 T1294 01/27/2025 01/27/2025 Theses

Buhi naturals

APA

Lei C. A. C., . (2019). Buhi naturals. Las Pinas City: Southville International School and Colleges.

Chicago

Lei Christa Abigael C, . 2019. Buhi naturals. Las Pinas City: Southville International School and Colleges.

Harvard

Lei C. A. C., . (2019). Buhi naturals. Las Pinas City: Southville International School and Colleges.

MLA

Lei Christa Abigael C, . Buhi naturals. Las Pinas City: Southville International School and Colleges. 2019.

  • Print
  • Cite
  • Add to your cart (remove)
  • Save record
    BIBTEX Dublin Core MARCXML MARC (non-Unicode/MARC-8) MARC (Unicode/UTF-8) MARC (Unicode/UTF-8, Standard) MODS (XML) RIS
  • More searches
    Search for this title in:
    Other Libraries (WorldCat) Other Databases (Google Scholar) Online Stores (Bookfinder.com) Open Library (openlibrary.org)

Exporting to Dublin Core...

SOUTHVILLE LIBRARY

Southville International School and Colleges Library

1281 Tropical Ave. Cor. Luxembourg St., BF Homes International, Las Pinas City

Tel. No. 8256374 / 252358 Loc. 117/146

Powered by Koha